Промышленное оборудование (Запись № 7345488)

Подробности
000 -МАРКЕР
контрольное поле 01103nam1a22002411i 4500
001 - ИДЕНТИФИКАТОР ЗАПИСИ
контрольное поле rc\3029968
005 - ИДЕНТИФИКАТОР ВЕРСИИ
контрольное поле 20240726035219.0
035 ## - ДРУГИЕ СИСТЕМНЫЕ НОМЕРА
Идентификатор записи (NLR Aleph) 007170953
100 ## - ДАННЫЕ ОБЩЕЙ ОБРАБОТКИ
Данные общей обработки 20111004d1935 |||y0rusy50 ca
101 0# - ЯЗЫК РЕСУРСА
Язык текста, звукозаписи и т.д. русский
102 ## - СТРАНА ПУБЛИКАЦИИ ИЛИ ПРОИЗВОДСТВА
Страна публикации российская федерация
105 ## - ПОЛЕ КОДИРОВАННЫХ ДАННЫХ: ТЕКСТОВЫЕ МАТЕРИАЛЫ, МОНОГРАФИЧЕСКИЕ
Кодированные данные о монографическом текстовом документе y z |||||
200 1# - ЗАГЛАВИЕ И СВЕДЕНИЯ ОБ ОТВЕТСТВЕННОСТИ
Основное заглавие Промышленное оборудование
Сведения, относящиеся к заглавию Ценник
Первые сведения об ответственности Наркомтяжпром. Реммаштрест. Ленингр. отд-ние
210 ## - ПУБЛИКАЦИЯ, РАСПРОСТРАНЕНИЕ И ДР.
Место издания, распространения и т.д. Ленинград
-- Москва
Имя издателя, распространителя и т. д. Наркомтяжпром. Гос. контора справочников и каталогов
Дата издания, распространения и т.д. 1935
Место изготовления Ленинград
Имя изготовителя 2 тип. Трансжелдориздата
215 ## - ФИЗИЧЕСКАЯ ХАРАКТЕРИСТИКА
Размеры 22×14 см
300 ## - ОБЩИЕ ПРИМЕЧАНИЯ
Текст примечания На обл. загл.: "Ценник на промышленное оборудование"
512 00 - ЗАГЛАВИЕ ОБЛОЖКИ
Заглавие обложки Ценник на промышленное оборудование
710 02 - НАИМЕНОВАНИЕ ОРГАНИЗАЦИИ - ПЕРВИЧНАЯ ОТВЕТСТВЕННОСТЬ
Начальный элемент ввода "Реммаштрест"
Структурное подразделение Северо-Западное отделение
Идентифицирующий признак Москва
801 #0 - ИСТОЧНИК ЗАПИСИ
Страна российская федерация
Организация NLR
Правила каталогизации psbo
801 #1 - ИСТОЧНИК ЗАПИСИ
Страна российская федерация
Организация ELAR
Источник данных rusmarc
852 ## - МЕСТОНАХОЖДЕНИЕ И ШИФР ХРАНЕНИЯ
Идентификатор организации NLR
Шифр хранения (Call Number) 35-17/197(2)
942 ## - ДОПОЛНИТЕЛЬНЫЕ ЭЛЕМЕНТЫ ЗАПИСИ (АБИС)
Тип экземпляра АБИС Книга

Нет доступных экземпляров.